[Event "28th Czech Open A 2017"]
[Site "Pardubice CZE"]
[Date "2017.07.21"]
[Round "1.23"]
[White "Krejci, Jan2"]
[Black "Yuferev, Oleg"]
[Result "1/2-1/2"]
[WhiteTitle "GM"]
[BlackTitle "FM"]
[WhiteElo "2519"]
[BlackElo "2247"]
[WhiteFideId "322156"]
[BlackFideId "4131720"]
[EventDate "2017.07.21"]

1. e4 c5 2. Nf3 e6 3. d4 cxd4 4. Nxd4 a6 5. Nc3 Qc7 6. Bd3 Bc5 7. Nb3 Be7 8. O-O
Nf6 9. Qe2 d6 10. a4 b6 11. f4 Nbd7 12. Bd2 Bb7 13. Rae1 g6 14. Kh1 O-O 15. e5
Nh5 16. Be4 Bxe4 17. Qxe4 Rac8 18. Nd4 Ng7 19. b3 Rfd8 20. Nf3 d5 21. Qe2 Qb7
22. Rd1 Rc7 23. Ne1 Rdc8 24. Na2 Nf5 25. Be3 h5 26. Nc1 Bc5 27. Bd2 Bd4 28. Ncd3
Kg7 29. Rc1 b5 30. Ba5 Bb6 31. Bxb6 Qxb6 32. axb5 Qxb5 33. Qf2 Nc5 34. Nxc5 Qxc5
35. Qd2 1/2-1/2

[Event "28th Czech Open A 2017"]
[Site "Pardubice CZE"]
[Date "2017.07.21"]
[Round "1.24"]
[White "Kuznetsov, Mikhail V."]
[Black "Kovalev, Andrei"]
[Result "1/2-1/2"]
[WhiteTitle "FM"]
[BlackTitle "GM"]
[WhiteElo "2245"]
[BlackElo "2517"]
[WhiteFideId "4194900"]
[BlackFideId "13500023"]
[EventDate "2017.07.21"]

1. d4 Nf6 2. Nf3 g6 3. g3 Bg7 4. Bg2 O-O 5. O-O d6 6. c4 Nc6 7. Nc3 e5 8. dxe5
dxe5 9. Nd5 h6 10. Nd2 Nd4 1/2-1/2

[Event "28th Czech Open A 2017"]
[Site "Pardubice CZE"]
[Date "2017.07.21"]
[Round "1.25"]
[White "Cvek, Robert"]
[Black "Dowgird, Filip"]
[Result "1-0"]
[WhiteTitle "GM"]
[WhiteElo "2516"]
[BlackElo "2242"]
[WhiteFideId "307424"]
[BlackFideId "1121235"]
[EventDate "2017.07.21"]

1. Nf3 Nf6 2. c4 Nc6 3. d4 e6 4. g3 Bb4+ 5. Bd2 Bxd2+ 6. Qxd2 d6 7. Nc3 O-O 8.
Bg2 e5 9. O-O Re8 10. d5 Na5 11. b3 b6 12. e4 a6 13. Qc2 Bg4 14. Ne1 c5 15. dxc6
Nxc6 16. h3 Be6 17. Nf3 Qb8 18. Qd3 Rd8 19. Rfd1 h6 20. Bf1 Ra7 21. Rac1 Nh7 22.
Qe3 f6 23. h4 Bg4 24. Rd2 Nf8 25. Nh2 Bc8 26. Rcd1 Nd4 27. f4 b5 28. cxb5 axb5
29. Nxb5 Nxb5 30. Bxb5 exf4 31. gxf4 Re7 32. Bc4+ Kh8 33. Nf1 Rde8 34. Ng3 d5
35. Rxd5 Bg4 36. Rf1 Ng6 37. h5 Nh4 38. Rf2 Qa8 39. a4 Rd8 40. Rfd2 Rde8 41. Be2
Be6 42. Rd6 Bf5 43. Bb5 Bxe4 44. Bxe8 Nf3+ 45. Qxf3 Bxf3 46. Bg6 Re8 47. Bxe8
Qa7+ 48. Kh2 g5 49. Bg6 Bg4 50. f5 1-0

[Event "28th Czech Open A 2017"]
[Site "Pardubice CZE"]
[Date "2017.07.21"]
[Round "1.26"]
[White "Haring, Viktor"]
[Black "Schlosser, Philipp"]
[Result "0-1"]
[WhiteTitle "FM"]
[BlackTitle "GM"]
[WhiteElo "2241"]
[BlackElo "2516"]
[WhiteFideId "14919400"]
[BlackFideId "4600169"]
[EventDate "2017.07.21"]

1. e4 c5 2. Nf3 e6 3. d4 cxd4 4. Nxd4 a6 5. Nc3 b5 6. Bd3 d6 7. Qe2 Nf6 8. a4 b4
9. Na2 a5 10. Bd2 Be7 11. c3 bxc3 12. Bb5+ Bd7 13. Nxc3 O-O 14. O-O Qb6 15. Be3
Qb7 16. Bxd7 Nfxd7 17. Qb5 Nc5 18. Rfd1 Rc8 19. Rac1 Nbd7 20. Qxb7 Nxb7 21. Ndb5
Ndc5 22. f3 Kf8 23. Kf2 Nb3 24. Rc2 Rc4 25. Ke2 N3c5 26. Rd4 Rxd4 27. Nxd4 Bf6
28. Ncb5 Ra6 29. Nc7 Rb6 30. Ndb5 Ke7 31. f4 Rc6 32. g4 Kd7 33. e5 dxe5 34. Rd2+
Kc8 35. g5 Be7 36. Na7+ Kxc7 37. Nxc6 Kxc6 38. fxe5 Nd7 0-1

[Event "28th Czech Open A 2017"]
[Site "Pardubice CZE"]
[Date "2017.07.21"]
[Round "1.28"]
[White "Vetoshko, Volodymyr"]
[Black "Dutreuil, Raphael"]
[Result "1-0"]
[WhiteTitle "GM"]
[WhiteElo "2505"]
[BlackElo "2241"]
[WhiteFideId "14122480"]
[BlackFideId "20630999"]
[EventDate "2017.07.21"]

1. e4 c5 2. Nf3 Nc6 3. d4 cxd4 4. Nxd4 e6 5. Nc3 Qc7 6. Be3 a6 7. Qf3 d6 8.
O-O-O Bd7 9. Qg3 Nf6 10. f4 b5 11. Bd3 Nb4 12. Be2 Rc8 13. a3 Nxe4 14. Nxe4 Nxc2
15. Kb1 Nxd4 16. Rxd4 Qc2+ 17. Ka1 Qxe2 18. Nxd6+ Bxd6 19. Rxd6 Rc6 20. Rxc6
Bxc6 21. Qxg7 Qxe3 22. Qxh8+ Ke7 23. Qe5 1-0

[Event "28th Czech Open A 2017"]
[Site "Pardubice CZE"]
[Date "2017.07.21"]
[Round "1.29"]
[White "Chudinovskikh, Alexander M"]
[Black "Kovacevic, Blazimir"]
[Result "0-1"]
[WhiteTitle "IM"]
[BlackTitle "IM"]
[WhiteElo "2238"]
[BlackElo "2499"]
[WhiteFideId "4106083"]
[BlackFideId "14502712"]
[EventDate "2017.07.21"]

1. Nf3 f5 2. d3 Nc6 3. e4 e5 4. Nc3 Nf6 5. Bg5 Bb4 6. Be2 d6 7. O-O Bxc3 8. bxc3
O-O 9. exf5 Bxf5 10. Rb1 b6 11. Nd2 Qd7 12. Bf3 Rae8 13. Re1 Nd8 14. d4 exd4 15.
Rxe8 Qxe8 16. Bxf6 Rxf6 17. cxd4 Rf8 18. Rb3 Qg6 19. Rc3 Ne6 20. Bd5 Kh8 21. Rg3
Qf6 22. c3 Nf4 23. Be4 Qe6 24. Re3 Bxe4 25. Rxe4 Qxa2 26. Re7 Nd5 27. Qf3 Kg8 0-1

[Event "28th Czech Open A 2017"]
[Site "Pardubice CZE"]
[Date "2017.07.21"]
[Round "1.30"]
[White "Chernyshov, Konstantin"]
[Black "Tifferet, Shaked"]
[Result "1-0"]
[WhiteTitle "GM"]
[BlackTitle "FM"]
[WhiteElo "2498"]
[BlackElo "2236"]
[WhiteFideId "4117328"]
[BlackFideId "2811529"]
[EventDate "2017.07.21"]

1. d4 Nf6 2. Bg5 d5 3. e3 c6 4. c3 g6 5. Bxf6 exf6 6. c4 dxc4 7. Bxc4 Bg7 8. Nc3
O-O 9. Nge2 Nd7 10. O-O b5 11. Bb3 Bb7 12. Rc1 f5 13. Nf4 a6 14. Nd3 Rc8 15. Qf3
Qb6 16. Rfd1 Rfd8 17. g4 Nf6 18. Ne5 c5 19. dxc5 Rxd1+ 20. Qxd1 Qxc5 21. Nxf7
Nxg4 22. Nd6+ Kh8 23. Ne2 Nxe3 24. Rxc5 Nxd1 25. Nxc8 Bf8 26. Rc7 1-0

[Event "28th Czech Open A 2017"]
[Site "Pardubice CZE"]
[Date "2017.07.21"]
[Round "1.31"]
[White "Eret, Jonas"]
[Black "Tilicheev, Viacheslav"]
[Result "1/2-1/2"]
[BlackTitle "FM"]
[WhiteElo "2236"]
[BlackElo "2497"]
[WhiteFideId "364495"]
[BlackFideId "24114928"]
[EventDate "2017.07.21"]

1. d4 Nf6 2. Nf3 d5 3. Bf4 g6 4. e3 Bg7 5. h3 O-O 6. Be2 c5 7. c3 Nc6 8. O-O Nd7
9. Nbd2 b6 10. Qa4 Bb7 11. Ba6 Qc8 12. Be2 a6 13. Rac1 Kh8 14. Bg3 Re8 15. Ng5
Kg8 16. f4 e6 17. Qd1 b5 18. a4 c4 19. b3 Ne7 20. Ngf3 Nf6 21. Ne5 Ne4 22. Nxe4
dxe4 23. bxc4 f6 24. Ng4 bxc4 25. Be1 Bd5 26. Rb1 Qc6 27. Nf2 Reb8 28. Bd2 Nf5
29. Kh2 Nd6 30. Rxb8+ Rxb8 31. Qa1 Bf8 32. Bc1 a5 33. Bd1 Rb3 34. Bc2 Nc8 35.
Bxb3 cxb3 36. Ba3 Nb6 37. Bxf8 Kxf8 38. Qa3+ Kf7 39. Ng4 Bc4 40. Rf2 Nd7 41.
Nh6+ Ke8 42. Ng8 Kf7 1/2-1/2

[Event "28th Czech Open A 2017"]
[Site "Pardubice CZE"]
[Date "2017.07.21"]
[Round "1.32"]
[White "Potapov, Pavel"]
[Black "Vybiral, Zdenek"]
[Result "1-0"]
[WhiteTitle "GM"]
[WhiteElo "2495"]
[BlackElo "2236"]
[WhiteFideId "4169786"]
[BlackFideId "305200"]
[EventDate "2017.07.21"]

1. e4 e6 2. Nf3 d5 3. Nc3 Nf6 4. e5 Nfd7 5. d4 c5 6. dxc5 Bxc5 7. Bd3 Nc6 8. Bf4
f6 9. exf6 Qxf6 10. Qd2 O-O 11. Bg3 Nd4 12. Nxd4 Bxd4 13. O-O Nb6 14. Rad1 Bxc3
15. Qxc3 Qxc3 16. bxc3 Bd7 17. Be5 Be8 18. Rb1 Bg6 19. Bd4 Rfc8 20. Rfe1 Rc6 21.
Bb5 Rc7 22. Rxe6 Kf7 23. Re2 Nc4 24. Rbe1 Nd6 25. Bd3 Bxd3 26. cxd3 Nb5 27. Be5
Rc6 28. Rb2 Rb6 29. Reb1 Re8 30. f4 1-0

[Event "28th Czech Open A 2017"]
[Site "Pardubice CZE"]
[Date "2017.07.21"]
[Round "1.33"]
[White "Eret, Matous"]
[Black "Sychev, Klementy"]
[Result "0-1"]
[BlackTitle "IM"]
[WhiteElo "2235"]
[BlackElo "2494"]
[WhiteFideId "364509"]
[BlackFideId "4114060"]
[EventDate "2017.07.21"]

1. e4 c5 2. Nc3 Nc6 3. f4 g6 4. Nf3 Bg7 5. Bb5 Nd4 6. a4 a6 7. Bd3 d6 8. O-O Bg4
9. Be2 Bd7 10. Kh1 e6 11. d3 Ne7 12. Nb1 O-O 13. c3 Nxe2 14. Qxe2 b5 15. Be3
bxa4 16. Nbd2 Rb8 17. Nc4 Bb5 18. Rfd1 Qc7 19. Qf2 d5 20. Na3 c4 21. dxc4 Bxc4
22. Nxc4 Qxc4 23. exd5 Nxd5 24. Bd4 f6 25. Nd2 Qc6 26. Ne4 Nxf4 27. Bc5 Qxe4 28.
Bxf8 Bxf8 29. Rd4 Qxg2+ 30. Qxg2 Nxg2 31. Kxg2 Rxb2+ 32. Kh3 a3 33. Rd8 Kf7 34.
Rd7+ Be7 35. Rc7 Rb3 36. Kg4 e5 37. Kf3 Ke6 38. Ke4 Bd6 39. Rc6 f5+ 40. Kd3 Kd5
41. Rxa6 e4+ 42. Kc2 Rb2+ 0-1

[Event "28th Czech Open A 2017"]
[Site "Pardubice CZE"]
[Date "2017.07.21"]
[Round "1.34"]
[White "Teske, Henrik"]
[Black "Mammadova, Narmin"]
[Result "1/2-1/2"]
[WhiteTitle "GM"]
[BlackTitle "WIM"]
[WhiteElo "2486"]
[BlackElo "2234"]
[WhiteFideId "4611500"]
[BlackFideId "13403710"]
[EventDate "2017.07.21"]

1. Nc3 d5 2. e4 dxe4 3. Nxe4 Nf6 4. Nxf6+ exf6 5. Bc4 Bd6 6. Qe2+ Qe7 7. d4 Bg4
8. Qxe7+ Kxe7 9. Be3 Re8 10. h3 Bf5 11. O-O-O Kf8 12. Nf3 Be4 13. Bd3 Bxd3 14.
Rxd3 b5 15. Kd2 Nd7 16. b3 f5 17. g3 Nf6 18. Rc1 Ne4+ 19. Ke2 b4 20. Kf1 a5 21.
Nd2 a4 22. Nc4 axb3 23. axb3 Ra2 24. d5 Rea8 25. Ke2 Re8 26. Kf3 Raa8 27. Nxd6
cxd6 28. Rd4 Rab8 29. g4 fxg4+ 30. hxg4 Nc3 31. Rh1 Kg8 32. g5 Rb5 33. Rdh4 Kf8
34. Rxh7 Rxd5 35. R1h4 Rf5+ 36. Kg2 Nd5 37. Rh8+ Ke7 38. Rxe8+ Kxe8 39. Bd2 Kd7
40. Rc4 Re5 41. Kf1 g6 42. f4 Ne3+ 43. Bxe3 Rxe3 44. Rxb4 d5 45. Rd4 Ke6 46. Rd2
Rf3+ 47. Rf2 Rc3 48. Ke1 Kf5 49. Kd2 d4 50. Rf1 Ke4 51. b4 Kd5 52. b5 Rh3 53.
Rb1 Rh2+ 54. Kd3 Rh3+ 55. Ke2 Rh2+ 56. Kd3 Rh3+ 57. Ke2 Rh2+ 58. Kf3 Rxc2 59. b6
Rc8 60. b7 Rb8 61. Rb2 Kc6 62. Ke4 Rxb7 63. Rxb7 Kxb7 64. Kxd4 Kc6 65. Ke5 Kd7
66. Kf6 Ke8 67. f5 gxf5 68. Kxf5 Kf8 69. g6 fxg6+ 70. Kxg6 1/2-1/2

[Event "28th Czech Open A 2017"]
[Site "Pardubice CZE"]
[Date "2017.07.21"]
[Round "1.35"]
[White "Ivannikau, Maksim"]
[Black "Krylov, Mikhail RUS"]
[Result "0-1"]
[BlackTitle "GM"]
[WhiteElo "2234"]
[BlackElo "2485"]
[WhiteFideId "13511220"]
[BlackFideId "4151364"]
[EventDate "2017.07.21"]

1. Nf3 c5 2. g3 g6 3. Bg2 Bg7 4. O-O Nc6 5. d3 d6 6. e4 e5 7. c3 Nge7 8. a3 O-O
9. b4 h6 10. Be3 b6 11. Ne1 Be6 12. b5 Na5 13. c4 Qd7 14. Nc3 Nb7 15. Qd2 Kh7
16. Nd5 f5 17. Rd1 Nxd5 18. exd5 Bf7 19. f4 a6 20. a4 axb5 21. axb5 Ra4 22. h4
Rfa8 23. h5 Ra2 24. Nc2 gxh5 25. fxe5 dxe5 26. Rxf5 Bg6 27. Rf2 Qg4 28. d6 Qxg3
29. Rf3 Qg4 30. Kh2 e4 31. dxe4 Bxe4 32. Rg3 Qh4+ 33. Rh3 Be5+ 34. Kg1 Qg4 35.
Rc1 Rg8 0-1

[Event "28th Czech Open A 2017"]
[Site "Pardubice CZE"]
[Date "2017.07.21"]
[Round "1.37"]
[White "Gurpreet, Singh Maras"]
[Black "Gutman, Gennadi"]
[Result "0-1"]
[BlackTitle "GM"]
[WhiteElo "2231"]
[BlackElo "2480"]
[WhiteFideId "5014433"]
[BlackFideId "14102277"]
[EventDate "2017.07.21"]

1. d4 Nf6 2. Bf4 e6 3. Nf3 b6 4. e3 Bb7 5. Bd3 g6 6. Nbd2 Bg7 7. h3 d6 8. O-O
Nbd7 9. e4 O-O 10. Qe2 e5 11. dxe5 dxe5 12. Be3 Qe7 13. Ba6 Bc6 14. Bb5 Bb7 15.
Ba6 Bxa6 16. Qxa6 Rfe8 17. c3 c6 18. a4 Rec8 19. Rfd1 h6 20. Qc4 a6 21. Qd3 b5
22. Nb3 Bf8 23. Na5 Qe6 24. b4 c5 25. axb5 c4 26. Qd2 axb5 27. Bxh6 Nxe4 28.
Qxd7 Qxd7 29. Rxd7 Bxh6 30. Nxe5 Nxc3 31. Nxf7 Bg7 32. Re1 Re8 33. Re3 Rxe3 34.
fxe3 Na2 35. Nd6 Nxb4 36. Naxc4 bxc4 37. Nxc4 Ra2 38. Rd2 Ra1+ 39. Kf2 Rc1 40.
Rd8+ Kh7 41. Nd2 Rc7 42. Ne4 Re7 43. Kf3 Nc6 44. Rc8 Ne5+ 45. Ke2 Ra7 46. Rc2
Kh6 47. Nd2 Bf6 48. Nf3 Nf7 49. Rd2 Kg7 50. Rc2 Nd6 51. Kf2 Re7 52. g4 Ne4+ 53.
Kg2 Ra7 54. h4 Ra3 55. Rc7+ Kf8 56. g5 Ba1 57. Rc6 Kf7 58. Kh3 Rxe3 59. Kg4 Nf2+
60. Kf4 Re4+ 61. Kg3 Nd3 62. Ra6 Bb2 63. Rb6 Re3 64. Kg4 Re4+ 65. Kg3 Ba3 66.
Ra6 Be7 67. Rb6 Bd8 68. Rc6 Re3 69. Rc8 Be7 70. Kg2 Bd6 71. Ra8 Nf4+ 72. Kf2 Rd3
73. Ra4 Ke6 74. Ra5 Bc7 75. Rb5 Bd6 76. Ra5 Rd5 77. Rxd5 Kxd5 78. Kg3 Nh5+ 79.
Kg4 Bf4 80. Ne1 Ke4 81. Nf3 Be3 82. Ne1 Bd2 83. Nf3 Bc3 84. Ng1 Ke3 85. Nf3 Kf2
86. Nh2 Kg1 87. Nf3+ Kf2 88. Nh2 Ke3 89. Nf3 Ng7 90. Nh2 Ke4 91. Nf1 Be1 92. Nh2
Nf5 0-1

[Event "28th Czech Open A 2017"]
[Site "Pardubice CZE"]
[Date "2017.07.21"]
[Round "1.38"]
[White "Kislinsky, Alexey"]
[Black "Thannheiser, Thomas"]
[Result "1-0"]
[WhiteTitle "GM"]
[WhiteElo "2479"]
[BlackElo "2231"]
[WhiteFideId "14108801"]
[BlackFideId "4691059"]
[EventDate "2017.07.21"]

1. e4 c5 2. Nf3 d6 3. Bb5+ Bd7 4. Bxd7+ Qxd7 5. O-O Nc6 6. c3 Nf6 7. Re1 e6 8.
d4 cxd4 9. cxd4 d5 10. e5 Ne4 11. Nbd2 Nxd2 12. Bxd2 Be7 13. Rc1 O-O 14. Rc3
Rac8 15. a3 Nb8 16. Rd3 Nc6 17. h4 h6 18. Nh2 f5 19. exf6 Bxf6 20. Qg4 Rce8 21.
Nf3 Kh7 22. Rde3 Qf7 23. Bc3 Nd8 24. h5 g6 25. hxg6+ Qxg6 26. Qxg6+ Kxg6 27. Bb4
Rg8 28. Bc5 b6 29. Bd6 Nc6 30. Rd1 Kf7 31. Rc3 Rc8 32. Rdc1 Ne7 33. Rc7 Rxc7 34.
Rxc7 Rc8 35. Ne5+ Ke8 36. Bxe7 Rxc7 37. Bxf6 Rc1+ 38. Kh2 Rc2 39. b4 Rxf2 40.
Bg7 Rf4 41. Nc6 Rf7 42. Be5 a6 43. a4 a5 44. bxa5 bxa5 45. Nxa5 Ra7 46. Nb3 Rxa4
47. Nc5 Ra7 48. Nxe6 Rd7 49. Nf4 Kf7 50. Kh3 1-0

[Event "28th Czech Open A 2017"]
[Site "Pardubice CZE"]
[Date "2017.07.21"]
[Round "1.39"]
[White "Lorscheid, Gerhard"]
[Black "Puranik, Abhimanyu"]
[Result "0-1"]
[WhiteTitle "FM"]
[BlackTitle "IM"]
[WhiteElo "2227"]
[BlackElo "2479"]
[WhiteFideId "4606000"]
[BlackFideId "5061245"]
[EventDate "2017.07.21"]

1. d4 Nf6 2. c4 g6 3. Nc3 d5 4. Bg5 Bg7 5. e3 c5 6. dxc5 Qa5 7. Bxf6 Bxf6 8. Rc1
O-O 9. cxd5 Nd7 10. Nf3 Nxc5 11. Qd2 Bf5 12. Be2 Bxc3 13. Qxc3 Qxa2 14. Bc4 Qa4
15. O-O Rfc8 16. Qd4 b5 17. Be2 Nd3 18. Ra1 Qc2 19. Bxd3 Qxd3 20. Rfd1 Qe4 21.
Qxe4 Bxe4 22. Nd4 Bxd5 23. Nxb5 Bc4 24. Nc3 Rc7 25. h3 Bb3 26. Rd4 Rb8 27. Ra5
Be6 28. Rd2 Rb6 29. Nb5 Rc5 0-1

[Event "28th Czech Open A 2017"]
[Site "Pardubice CZE"]
[Date "2017.07.21"]
[Round "1.40"]
[White "Vogel, Roven"]
[Black "Citra, Dewi Ardhiani Anastasia"]
[Result "1/2-1/2"]
[WhiteTitle "IM"]
[BlackTitle "WFM"]
[WhiteElo "2475"]
[BlackElo "2227"]
[WhiteFideId "12908088"]
[BlackFideId "7101244"]
[EventDate "2017.07.21"]

1. Nf3 Nf6 2. c4 d6 3. d4 Nbd7 4. Nc3 g6 5. g3 Bg7 6. Bg2 O-O 7. O-O e5 8. e4
exd4 9. Nxd4 Re8 10. b3 Nc5 11. f3 Nfd7 12. Be3 Ne5 13. Qd2 Bd7 14. Rad1 Qc8 15.
Nde2 Bc6 16. Nd5 a5 17. Bd4 Bxd5 18. cxd5 Ned7 19. Bxg7 Kxg7 20. Nd4 Qd8 21. Nb5
Kg8 22. Qc3 Re7 23. Rfe1 Nf8 24. a3 Qe8 25. Bf1 g5 26. Nd4 Ng6 27. Nf5 Re5 28.
Nh6+ Kf8 29. Ng4 h5 30. Nxe5 Qxe5 31. Rc1 h4 32. Qxe5 Nxe5 33. Re3 g4 34. b4
axb4 35. axb4 Ncd7 36. fxg4 Nxg4 37. Re2 hxg3 38. hxg3 Ra3 39. Rxc7 Nde5 40.
Rxb7 Rxg3+ 41. Kh1 Nd3 42. e5 Ndxe5 43. b5 Rf3 44. Bg2 Rb3 45. Be4 Rb4 46. Rb8+
Kg7 47. Bf5 Nh6 48. Bh3 f5 49. b6 Rb1+ 50. Kh2 Nf3+ 51. Kg3 Rb3 52. Kf4 Nd4 53.
Re3 Rb4 54. Kg5 Nf7+ 55. Kh5 f4 56. Re4 f3 57. b7 f2 58. Rxd4 Rxd4 59. Rg8+ Kxg8
60. b8=Q+ Kh7 61. Bf5+ Kg7 62. Bh3 Rxd5+ 63. Kh4 Rd4+ 64. Kh5 Rd5+ 65. Kg4 Ne5+
66. Kf4 Ng6+ 67. Ke3 Rf5 68. Bf1 Rf6 69. Qb7+ Kh6 70. Qh1+ Kg7 71. Kd4 Ne5 72.
Qg2+ Kf8 73. Kc3 Kf7 74. Kb4 Ke6 75. Kb5 Ke7 76. Kb6 Kf8 77. Kc7 Ng6 78. Bc4 Kg7
79. Bd3 Kf8 80. Bc4 Kg7 81. Kd7 Rf4 82. Be2 Rf6 83. Bd3 Kf8 84. Bf1 Ne5+ 85. Kc7
Ng6 86. Qg5 Kf7 87. Qh6 Ne5 88. Qh8 Kg6 89. Qg8+ Kh6 90. Kd8 Ng6 91. Kd7 Kg5 92.
Qd8 Ne5+ 93. Kc7 Kg6 94. Qg8+ Kh6 95. Kd8 Ng6 96. Qa2 Kg7 97. Qa1 Ne5 98. Qc1
Kf8 99. Qd1 Nf7+ 100. Kd7 Ne5+ 101. Kc7 Kg7 102. Qc1 Ng6 103. Qg5 Kf7 104. Bc4+
Kg7 105. Qg2 Kf8 106. Kd8 Kg7 107. Bd3 Rf8+ 108. Kd7 Rf6 109. Bf1 Kf7 110. Qh3
Kg7 111. Qc3 Ne5+ 112. Ke8 Re6+ 113. Kd8 Rf6 114. Ke7 Ng6+ 115. Ke8 1/2-1/2

[Event "28th Czech Open A 2017"]
[Site "Pardubice CZE"]
[Date "2017.07.21"]
[Round "1.41"]
[White "Varitski, Igor"]
[Black "Nguyen, Thai Dai Van"]
[Result "0-1"]
[WhiteTitle "IM"]
[BlackTitle "IM"]
[WhiteElo "2226"]
[BlackElo "2473"]
[WhiteFideId "14102862"]
[BlackFideId "358878"]
[EventDate "2017.07.21"]

1. e4 c5 2. c3 Nf6 3. e5 Nd5 4. d4 cxd4 5. Nf3 e6 6. cxd4 b6 7. Nc3 Nxc3 8. bxc3
Qc7 9. Bd2 Be7 10. Bd3 Ba6 11. Qe2 Bxd3 12. Qxd3 Nc6 13. Bg5 d5 14. exd6 Bxd6
15. Bh4 h6 16. Bg3 O-O 17. O-O Rfd8 18. Rfe1 Rac8 19. Re3 Bxg3 20. hxg3 Ne7 21.
Ne5 Nd5 22. Rf3 f6 23. Ng6 Qf7 24. Qc2 Rxc3 25. Rxc3 Nxc3 26. Qxc3 Qxg6 27. Qc7
Rxd4 28. Qxa7 Rb4 29. Qe7 Qg4 30. Rc1 Kh7 31. f3 Qd4+ 32. Kh2 Rb5 33. Qe8 Qe5
34. f4 Qe2 35. Kg1 Rh5 36. Rf1 Qe3+ 37. Rf2 Qc1+ 38. Rf1 Qe3+ 39. Rf2 Rc5 0-1

[Event "28th Czech Open A 2017"]
[Site "Pardubice CZE"]
[Date "2017.07.21"]
[Round "1.42"]
[White "Gurevich, Daniel"]
[Black "Egorov, Pavel"]
[Result "1-0"]
[WhiteTitle "IM"]
[WhiteElo "2472"]
[BlackElo "2224"]
[WhiteFideId "2044676"]
[BlackFideId "24122637"]
[EventDate "2017.07.21"]

1. e4 c5 2. Nf3 Nf6 3. e5 Nd5 4. Nc3 e6 5. Nxd5 exd5 6. d4 Nc6 7. Be3 Qb6 8.
dxc5 Bxc5 9. Bxc5 Qxc5 10. Bd3 d6 11. exd6 Qxd6 12. O-O O-O 13. c3 g6 14. h3 Be6
15. Qd2 Rfd8 16. Qh6 Qf8 17. Qh4 Qg7 18. Bb5 Rab8 19. Rfe1 d4 20. Bxc6 dxc3 21.
bxc3 bxc6 22. Ne5 Rd2 23. Qf4 Rdb2 24. Nxc6 Rf8 25. Nd4 Rxa2 26. Rxa2 Bxa2 27.
Ra1 Bd5 28. Ra5 Bc4 29. Rxa7 Re8 30. Rc7 Ba6 31. Nc6 Qf8 32. Qf6 Qg7 33. Ne7+
Kh8 34. Qxa6 Qe5 35. Qa7 Rd8 36. Rd7 Rxd7 37. Qxd7 Qe1+ 38. Kh2 Qe5+ 39. g3 Qxc3
40. Qd8+ 1-0

[Event "28th Czech Open A 2017"]
[Site "Pardubice CZE"]
[Date "2017.07.21"]
[Round "1.43"]
[White "Bekturov, Tamerlan"]
[Black "Nihal, Sarin"]
[Result "1/2-1/2"]
[BlackTitle "FM"]
[WhiteElo "2223"]
[BlackElo "2471"]
[WhiteFideId "13710184"]
[BlackFideId "25092340"]
[EventDate "2017.07.21"]

1. d4 d5 2. c4 e6 3. Nc3 c6 4. cxd5 exd5 5. Qc2 Bd6 6. Nf3 Ne7 7. Bg5 f6 8. Bh4
Bf5 9. Qd2 O-O 10. e3 Nd7 11. Bd3 Nb6 12. O-O Qd7 13. Rab1 Rae8 14. Bg3 Bxg3 15.
hxg3 Nc4 16. Qe2 Nd6 17. b4 a6 18. a4 Ne4 19. Bxe4 Bxe4 20. Nxe4 dxe4 21. Nd2
Nd5 22. b5 cxb5 23. axb5 a5 24. b6 Re6 25. Rfc1 Rc8 26. Rxc8+ Qxc8 27. Qc4 Qxc4
28. Nxc4 a4 29. Rb5 Rc6 30. Rxd5 Rxc4 31. Rd8+ Kf7 32. Rd7+ Kg6 33. Rxb7 Rc1+
34. Kh2 Rb1 35. g4 a3 36. Ra7 Rxb6 37. Rxa3 h5 38. gxh5+ Kxh5 39. Kg3 g5 40. Kh3
Rb2 41. g4+ Kg6 42. Kg2 Kf7 43. Ra7+ Ke6 44. Ra6+ Ke7 45. Kg3 Rb3 46. Rc6 Ra3
47. Rb6 Rc3 48. Ra6 Rb3 49. Ra7+ Ke6 50. Ra8 Ke7 51. Ra4 Ke6 52. Kg2 Kd6 53.
Ra6+ Ke7 54. Ra7+ Ke6 1/2-1/2

[Event "28th Czech Open A 2017"]
[Site "Pardubice CZE"]
[Date "2017.07.21"]
[Round "1.44"]
[White "Westerberg, Jonathan"]
[Black "Johansson, Gunnar"]
[Result "1-0"]
[WhiteTitle "IM"]
[WhiteElo "2469"]
[BlackElo "2223"]
[WhiteFideId "1701754"]
[BlackFideId "1703501"]
[EventDate "2017.07.21"]

1. d4 d5 2. c4 c6 3. cxd5 cxd5 4. Bg5 Nf6 5. Bxf6 gxf6 6. Nc3 e6 7. e3 Bd6 8.
Nf3 O-O 9. Bd3 f5 10. O-O Bd7 11. Rc1 Qe7 12. Ne5 Be8 13. Be2 Nc6 14. Nd3 Nb4
15. Nf4 Bd7 16. g3 Rac8 17. a3 Nc6 18. Bd3 Rfd8 19. Qh5 Qf6 20. Kh1 Kh8 21. Nb1
Ne7 22. Nd2 Ng6 23. Nf3 Nxf4 24. gxf4 Qg6 25. Rxc8 Rxc8 26. Qh3 f6 27. Rg1 Qf7
28. Nh4 Rg8 29. Rg3 Be8 30. Qf1 Qc7 31. Qd1 Qb6 32. Qc2 Qc7 33. Qd2 Bh5 34. Be2
Bxe2 35. Qxe2 Qc4 36. Qd1 Qb5 37. Kg2 Qxb2 38. Qh5 Rxg3+ 39. hxg3 Bxa3 40. Qe8+
Kg7 41. Qxe6 Qc2 42. Nxf5+ Kg6 43. Qg8+ Kxf5 44. g4+ 1-0

[Event "28th Czech Open A 2017"]
[Site "Pardubice CZE"]
[Date "2017.07.21"]
[Round "1.45"]
[White "Pein, Jonathan"]
[Black "Pavlov, Sergey2"]
[Result "0-1"]
[BlackTitle "IM"]
[WhiteElo "2223"]
[BlackElo "2467"]
[WhiteFideId "417092"]
[BlackFideId "14114330"]
[EventDate "2017.07.21"]

1. e4 Nf6 2. Nc3 d5 3. exd5 Nxd5 4. g3 Nxc3 5. bxc3 g6 6. Bg2 Bg7 7. Nf3 O-O 8.
O-O c5 9. Re1 Nc6 10. Bb2 Qc7 11. Qc1 Na5 12. d3 c4 13. d4 b6 14. Qe3 e6 15. Qe2
Bb7 16. Bc1 Bd5 17. Ng5 Qc6 18. Bxd5 Qxd5 19. Qf3 Qxf3 20. Nxf3 Rfd8 21. Ba3 Nc6
22. Rab1 Rd5 23. Bb4 Rc8 24. Nd2 e5 25. Nxc4 Nxb4 26. Rxb4 exd4 27. Rxb6 Rdc5
28. cxd4 Rxc4 29. Rb7 Bxd4 30. Ree7 Rxc2 31. Rxf7 Rxf2 32. Rxf2 Rc2 0-1

[Event "28th Czech Open A 2017"]
[Site "Pardubice CZE"]
[Date "2017.07.21"]
[Round "1.46"]
[White "Prasanna, Raghuram Rao"]
[Black "Oberhofer, Cedric"]
[Result "1-0"]
[WhiteTitle "IM"]
[WhiteElo "2466"]
[BlackElo "2222"]
[WhiteFideId "5022401"]
[BlackFideId "12941220"]
[EventDate "2017.07.21"]

1. e4 c5 2. Nf3 d6 3. d4 cxd4 4. Nxd4 Nf6 5. Nc3 a6 6. g3 g6 7. Bg2 Bg7 8. O-O
O-O 9. Re1 Nc6 10. Nb3 Bd7 11. Nd5 Ne5 12. h3 Rc8 13. c3 Re8 14. Kh2 Nc4 15. Ne3
b5 16. Qe2 Qc7 17. Nd4 Nxe3 18. Bxe3 Qc4 19. Qf3 e5 20. Nb3 d5 21. exd5 e4 22.
Qd1 Nxd5 23. Na5 Qc7 24. Qxd5 Be6 25. Qxe4 Qxa5 26. Bd4 Bxd4 27. Qxd4 Red8 28.
Qf4 Qb6 29. Re4 Rd7 30. a3 Rcd8 31. Rae1 Bd5 32. Re8+ Rxe8 33. Rxe8+ Kg7 34. Rb8
Qc5 35. Qe5+ f6 36. Qe8 Rf7 37. Rd8 Bxg2 38. Kxg2 Qe7 39. Qg8+ Kh6 40. Rd4 g5
41. Qc8 Qe2 42. h4 Kg6 43. hxg5 fxg5 44. Qg8+ 1-0